| 000 | 01040nam a2200265Ia 4500 | ||
|---|---|---|---|
| 003 | OSt | ||
| 005 | 20221005105333.0 | ||
| 006 | a|||||r|||| 00| 0 | ||
| 007 | ta | ||
| 008 | 221004b |||||||| |||| 00| 0 hin d | ||
| 020 |
_a9788171398423 (hbk) _cINR 950.00 |
||
| 024 | _a34015 | ||
| 037 |
_b132, 14/09/2017, Eastern Book Linkers _cTextual |
||
| 040 |
_aCRL _cCRL _bhin |
||
| 041 |
_2hin _ahin |
||
| 082 | _aY:1.2, 152Q7 | ||
| 100 | _aसिंह, समीर कुमार, ले. | ||
| 245 | 0 | _aप्राचीन भारतीय समाज एवं संस्कृत | |
| 246 | _aPrāchīn bhāratīya samāj evan sanskṛuta | ||
| 260 |
_aनई दिल्ली _bज्ञानदा प्रकाशन भारत _c2017 |
||
| 300 |
_a319पृ0 _ccm. |
||
| 650 |
_aभारतीय संस्कृति _9157954 |
||
| 942 |
_hY:1.2, 152Q7 _cTEXL _2cc |
||
| 999 |
_c1015510 _d1015510 |
||